00855nam a2200229Ia 4500003000900000008004100009040001600050080001800066100003300084245009600117250001200213260004400225300001000269490005900279650003800338650004000376650004900416700003700465942000700502999001500509952010100524IN-BaIIA211028s9999 xx 000 0 eng d cIIA Library a083.8:52bDEV ade Vaucouleurs, Gerard91262 0aReference catalogue of bright galaxiescGerard de Vaucouleurs and Antoinette de Vaucouleurs a1st ed. aAustinbUniversity of Texas Pressc1964 a268p. aThe University of Texas monographs in astronomy; no. 1 a Bright galaxies catalogue98083 a Catalogue-Bright galaxies 98084 aAstronomy and Astrophysics Thesaurus 91143 ade Vaucouleurs, Antoinette98085 cBK c4587d4587 00104070aBANbBANcGENd1974-12-27l0o083.8:52/ DEVp5118r2021-11-05w1974-12-27yBK 17.50